[Event "Budapest-chT1 Lilienthal 1718"]
[Site "Budapest"]
[Date "2017.10.01"]
[Round "1"]
[White "Seres, Bela"]
[Black "Bognar, Bence"]
[Result "1-0"]
[WhiteElo "2212"]
[BlackElo "1996"]
[PlyCount "55"]
[EventDate "2017.10.01"]
[EventType "team-tourn"]
[EventRounds "13"]
[EventCountry "HUN"]
[SourceTitle "EXT 2021"]
[Source "ChessBase"]
[SourceDate "2020.10.23"]
[SourceVersion "1"]
[SourceVersionDate "2020.10.23"]
[SourceQuality "1"]
[WhiteTeam "Fabulon"]
[BlackTeam "SENSE"]
[WhiteTeamCountry "HUN"]
[BlackTeamCountry "HUN"]

1. e4 e5 2. Nc3 Nc6 3. f4 d6 4. Nf3 Be7 5. Bc4 Nf6 6. d3 0-0 7. a3 Nd4 8. Be3 c5 9. fxe5 Nxf3+ 10. Qxf3 dxe5 11. h3 a6 12. a4 Qb6 13. a5 Qd6 14. Na4 Be6 15. Bxc5 Qd8 16. Bxe7 Qxe7 17. 0-0 Bxc4 18. dxc4 Rad8 19. c3 Rd2 20. Rad1 Rfd8 21. Rxd2 Rxd2 22. b4 Nd7 23. Rd1 Qd6 24. Nb2 b6 25. axb6 Qxb6+ 26. c5 Nxc5 27. Nc4 Rxd1+ 28. Qxd1 1-0

[Event "HUN-chT 1617"]
[Site "Hungary"]
[Date "2017.04.08"]
[Round "8.11"]
[White "Farkas, Richard"]
[Black "Seres, Bela"]
[Result "1/2-1/2"]
[WhiteElo "2299"]
[BlackElo "2190"]
[PlyCount "32"]
[EventDate "2016.10.30"]
[EventType "team-tourn"]
[EventRounds "9"]
[EventCountry "HUN"]
[SourceTitle "EXT 2018"]
[Source "ChessBase"]
[SourceDate "2017.10.13"]
[SourceVersion "1"]
[SourceVersionDate "2017.10.13"]
[SourceQuality "1"]
[WhiteTeam "Kobanya Aquarena"]
[BlackTeam "HASE Lila Futo"]
[WhiteTeamCountry "HUN"]
[BlackTeamCountry "HUN"]

1. e4 c5 2. Nf3 g6 3. d4 Bg7 4. c3 cxd4 5. cxd4 d5 6. e5 Bg4 7. Bb5+ Nd7 8. 0-0 a6 9. Be2 Bxf3 10. Bxf3 e6 11. Re1 Ne7 12. Bg5 h6 13. Bxe7 Qxe7 14. Qb3 Rb8 15. Nc3 0-0 16. g3 Kh7 1/2-1/2

[Event "HUN-chT2 Charousek 1516"]
[Site "Hungary"]
[Date "2016.03.20"]
[Round "7.8"]
[White "Toth, Gergely"]
[Black "Seres, Bela"]
[Result "1/2-1/2"]
[WhiteElo "2131"]
[BlackElo "2221"]
[PlyCount "51"]
[EventDate "2015.10.18"]
[EventType "team-tourn"]
[EventRounds "9"]
[EventCountry "HUN"]
[SourceTitle "EXT 2017"]
[Source "ChessBase"]
[SourceDate "2016.10.25"]
[SourceVersion "1"]
[SourceVersionDate "2016.10.25"]
[SourceQuality "1"]
[WhiteTeam "Paks ASE II"]
[BlackTeam "Hobagoly"]
[WhiteTeamCountry "HUN"]
[BlackTeamCountry "HUN"]

1. e4 c5 2. Nf3 g6 3. d4 Bg7 4. dxc5 Qa5+ 5. c3 Qxc5 6. Na3 b6 7. Bd3 d6 8. 0-0 Nd7 9. Nb5 Ngf6 10. Be3 Qc6 11. Nfd4 Qb7 12. f3 0-0 13. c4 Ne5 14. Be2 Bd7 15. Rc1 Rac8 16. Qd2 a6 17. Nc3 Nxc4 18. Bxc4 Rxc4 19. Nd5 Bb5 20. Nxb5 Rxc1 21. Rxc1 Nxd5 22. Nxd6 exd6 23. exd5 Rc8 24. Rxc8+ Qxc8 25. Bxb6 Qb7 26. Be3 1/2-1/2